000 00353nam a22001217a 4500
008 150626b xxu||||| |||| 00| 0 eng d
082 _a346.048 WIPO
100 _aWIPO
245 _aWIPO permanent committee on industrial property information (PCIPI) /
_cWIPO
260 _aGeneve :
_bWIPO,
_cc1989.
300 _a60p. :
_bill. ;
_c21cm.
942 _2ddc
_cBK
999 _c6879
_d6879